• 首页
  • 本馆介绍
  • 公告通知
  • 最新文献
  • 馆藏检索
  • 电子资源
  • 读者导购
  • 参考咨询
  • 我的图书馆
  • 登录
  • 详细信息显示
  • 放入我的书架
  • 预约/预借图书
  • 作者相关作品
  • 分类相关作品
  • 丛书相关作品
  • 出版社相关作品

书目信息

  • 表格格式
  • 工作单格式
  • 卡片格式
题名:
著译者须知
    
 
作者: 冶金工业出版社编辑部 编
分册:  
出版信息: 北京   冶金工业出版社  1985.10
页数: 197页
开本: 19cm
丛书名:
单 册:
中图分类: G23
科图分类:
主题词: 出版工作
电子资源:
ISBN:
000 00638nam0 2200217 45
001 0311241051
005 20031219104121.8
010    @dCNY1.20
091    @a15062.4286
100    @a20031124d1985 km y0chiy0120 ea
101 0  @achi
105    @aa z 000yy
200 1  @a著译者须知@AZhu Yi Zhe Xu Zhi@f冶金工业出版社编辑部编@FYe Jin Gong Ye Chu Ban She Bian Ji Bu Bian
210    @a北京@c冶金工业出版社@d1985.10
215    @a197页@c图表@d19cm
300    @a附录:简化字总表等
606 0  @a出版工作
690    @aG23@v3
701  0 @a冶金工业出版社编辑部@4编
801    @aCN@bTSTC@c20031124
905    @dG23@e2@f2@b204827-828@b204821-823@f3
    
    著译者须知/冶金工业出版社编辑部编.-北京:冶金工业出版社,1985.10
    197页:图表;19cm
    附录:简化字总表等
    
    ISBN :CNY1.20
    
●
相关链接 在E读中查询图书 在五车中查询图书 在当当中查询图书 在豆瓣中查询图书


正题名:著译者须知     索取号:G23/2         预约/预借

序号 登录号 条形码 馆藏地/架位号 状态 备注
1 0204819   000497527   密集书库/ [索取号:G23/2] 在馆    
2 0204820   001524684   密集书库/ [索取号:G23/2] 在馆    
3 0204821   001524666   密集书库/ [索取号:G23/2] 在馆    
4 0204822   001524675   密集书库/ [索取号:G23/2] 在馆    
5 0204823   000497554   密集书库/ [索取号:G23/2] 在馆    
6 0204824   000497572   密集书库/ [索取号:G23/2] 在馆    
7 0204825   000497536   第一样本阅览室/ [索取号:G23/2] 在馆    
8 0204826   000497545   密集书库/ [索取号:G23/2] 在馆    
9 0204827   001524611   密集书库/ [索取号:G23/2] 在馆    
10 0204828   001524620   密集书库/ [索取号:G23/2] 在馆    
唐山师范学院图书馆 欢迎您!
大连网信软件有限公司© 版权所有